000 00378pab a2200157 454500
008 180718b2013 xxu||||| |||| 00| 0 eng d
100 _aChatterjee, Shankar
245 _aA unique case of MGNREGS workers from Rajasthan
260 _c2013
300 _ap.45-46.
362 _aMay
650 _aEmployment
773 _aKurukshetra (English)
908 _aN
909 _a99822
999 _c99821
_d99821